Magamba echimurenga : (Record no. 4834)
[ view plain ]
| 000 -LEADER | |
|---|---|
| fixed length control field | 00888nam a22002897a 4500 |
| 001 - CONTROL NUMBER | |
| control field | 13374833 |
| 003 - CONTROL NUMBER IDENTIFIER | |
| control field | GZU |
| 005 - DATE AND TIME OF LATEST TRANSACTION | |
| control field | 20210519121012.0 |
| 008 - FIXED-LENGTH DATA ELEMENTS--GENERAL INFORMATION | |
| fixed length control field | 030829s2003 rh a 000 1 sna |
| 010 ## - LIBRARY OF CONGRESS CONTROL NUMBER | |
| LC control number | 2003405581 |
| 020 ## - INTERNATIONAL STANDARD BOOK NUMBER | |
| International Standard Book Number | 0869227726 |
| 035 ## - SYSTEM CONTROL NUMBER | |
| System control number | (DLC) 2003405581 |
| 040 ## - CATALOGING SOURCE | |
| Original cataloging agency | DLC |
| Transcribing agency | DLC |
| 042 ## - AUTHENTICATION CODE | |
| Authentication code | lcode |
| 050 00 - LIBRARY OF CONGRESS CALL NUMBER | |
| Classification number | PL8681 |
| Item number | MAK 2003 |
| 100 1# - MAIN ENTRY--PERSONAL NAME | |
| Personal name | Makari, Charles S. |
| Relator term | author |
| 245 10 - TITLE STATEMENT | |
| Title | Magamba echimurenga : |
| Remainder of title | Josia Tungamirai / |
| Statement of responsibility, etc. | Charles S. Makari. |
| 260 ## - PUBLICATION, DISTRIBUTION, ETC. | |
| Place of publication, distribution, etc. | Gweru, Zimbabwe : |
| Name of publisher, distributor, etc. | Mambo Press, |
| Date of publication, distribution, etc. | 2003. |
| 300 ## - PHYSICAL DESCRIPTION | |
| Extent | 155 p. : |
| Other physical details | ill. ; |
| Dimensions | 21 cm. |
| 490 1# - SERIES STATEMENT | |
| Series statement | Mambo writers series. Shona section ; |
| Volume/sequential designation | v. 36 |
| 520 ## - SUMMARY, ETC. | |
| Summary, etc. | A novel. |
| 546 ## - LANGUAGE NOTE | |
| Language note | In Shona. |
| 830 #0 - SERIES ADDED ENTRY--UNIFORM TITLE | |
| Uniform title | Mambo writers series. |
| Name of part/section of a work | Shona section ; |
| Volume/sequential designation | v. 36. |
| 906 ## - LOCAL DATA ELEMENT F, LDF (RLIN) | |
| a | 7 |
| b | cbc |
| c | origode |
| d | 3 |
| e | ncip |
| f | 20 |
| g | y-gencatlg |
| 942 ## - ADDED ENTRY ELEMENTS (KOHA) | |
| Source of classification or shelving scheme | Library of Congress Classification |
| Koha item type | Books |
| Classification part | 8681 |
| Item part | MAK |
| Call number prefix | PL |
| Call number suffix | 2003 |
| Withdrawn status | Lost status | Damaged status | Not for loan | Collection code | Home library | Current library | Shelving location | Date acquired | Total Checkouts | Full call number | Barcode | Date last seen | Copy number | Price effective from | Koha item type | Source of classification or shelving scheme | Inventory number |
|---|---|---|---|---|---|---|---|---|---|---|---|---|---|---|---|---|---|
| Fiction | City Campus Library | City Campus Library | General Stacks | 03/24/2021 | PL8681 MAK 2203 | G21394 | 03/24/2021 | c.1 | 03/24/2021 | Books | |||||||
| Fiction | Mashava Campus Library | Mashava Campus Library | General Stacks | 05/19/2021 | PL8681 MAK 2003 | G21936 | 05/19/2021 | c. 2 | 05/19/2021 | Books | Library of Congress Classification | 3857 | |||||
| Fiction | Mashava Campus Library | Mashava Campus Library | General Stacks | 05/20/2004 | PL8681 MAK 2003 | G21254 | 05/20/2021 | c.3 | 05/20/2021 | Books | 3858 |